Pharma Marketing Management (Record no. 13064)

MARC details
000 -LEADER
fixed length control field 00444nam a22001817a 4500
003 - CONTROL NUMBER IDENTIFIER
control field OSt
008 - FIXED-LENGTH DATA ELEMENTS--GENERAL INFORMATION
fixed length control field 250204b |||||||| |||| 00| 0 eng d
020 ## - INTERNATIONAL STANDARD BOOK NUMBER
International Standard Book Number 9789354510618
082 ## - DEWEY DECIMAL CLASSIFICATION NUMBER
Classification number 658 SHT
100 ## - MAIN ENTRY--PERSONAL NAME
Personal name Sharma, Uday Raj
245 ## - TITLE STATEMENT
Title Pharma Marketing Management
250 ## - EDITION STATEMENT
Edition statement 3rd
260 ## - PUBLICATION, DISTRIBUTION, ETC. (IMPRINT)
Place of publication, distribution, etc N.Delhi
Name of publisher, distributor, etc Narali Pub.
Date of publication, distribution, etc 2023
300 ## - PHYSICAL DESCRIPTION
Extent 10.10
650 ## - SUBJECT ADDED ENTRY--TOPICAL TERM
Topical term or geographic name as entry element Community pharmacy and Management
700 ## - ADDED ENTRY--PERSONAL NAME
Personal name Goli, Divaker
942 ## - ADDED ENTRY ELEMENTS (KOHA)
Source of classification or shelving scheme Dewey Decimal Classification
Koha item type Text Books
Holdings
Withdrawn status Lost status Source of classification or shelving scheme Damaged status Not for loan Collection code Home library Current library Date acquired Source of acquisition Currency Cost, normal purchase price Bill Number Total Checkouts Full call number Acc. no. / Barcode Date last seen Actual Cost, discounted price Bill Date Koha item type Date last borrowed
    Dewey Decimal Classification     B.Pharma PIET C-LIBRARY PIET C-LIBRARY 23/01/2025 Zafaa Books Distributres In Rupees 290.00 ZBDO449   658 SHT BP2614 04/02/2025 217.00 22/01/2025 Reference Books  
    Dewey Decimal Classification     B.Pharma PIET C-LIBRARY PIET C-LIBRARY 23/01/2025 Zafaa Books Distributres In Rupees 290.00 ZBDO449   658 SHT BP2615 04/02/2025 217.00 22/01/2025 Text Books  
    Dewey Decimal Classification     B.Pharma PIET C-LIBRARY PIET C-LIBRARY 23/01/2025 Zafaa Books Distributres In Rupees 290.00 ZBDO449 1 658 SHT BP2616 11/07/2025 217.00 22/01/2025 Text Books 03/07/2025
    Dewey Decimal Classification     B.Pharma PIET C-LIBRARY PIET C-LIBRARY 23/01/2025 Zafaa Books Distributres In Rupees 290.00 ZBDO449   658 SHT BP2617 04/02/2025 217.00 22/01/2025 Text Books  
    Dewey Decimal Classification     B.Pharma PIET C-LIBRARY PIET C-LIBRARY 23/01/2025 Zafaa Books Distributres In Rupees 290.00 ZBDO449   658 SHT BP2618 04/02/2025 217.00 22/01/2025 Text Books  
    Dewey Decimal Classification     B.Pharma PIET C-LIBRARY PIET C-LIBRARY 23/01/2025 Zafaa Books Distributres In Rupees 290.00 ZBDO449 1 658 SHT BP2619 21/07/2025 217.00 22/01/2025 Text Books 10/07/2025
    Dewey Decimal Classification     B.Pharma PIET C-LIBRARY PIET C-LIBRARY 23/01/2025 Zafaa Books Distributres In Rupees 290.00 ZBDO449   658 SHT BP2620 04/02/2025 217.00 22/01/2025 Text Books  
    Dewey Decimal Classification     B.Pharma PIET C-LIBRARY PIET C-LIBRARY 23/01/2025 Zafaa Books Distributres In Rupees 290.00 ZBDO449 1 658 SHT BP2621 28/07/2025 217.00 22/01/2025 Text Books 17/06/2025
    Dewey Decimal Classification     B.Pharma PIET C-LIBRARY PIET C-LIBRARY 23/01/2025 Zafaa Books Distributres In Rupees 290.00 ZBDO449 1 658 SHT BP2622 29/07/2025 217.00 22/01/2025 Text Books 21/07/2025
    Dewey Decimal Classification     B.Pharma PIET C-LIBRARY PIET C-LIBRARY 23/01/2025 Zafaa Books Distributres In Rupees 290.00 ZBDO449 1 658 SHT BP2623 06/08/2025 217.00 22/01/2025 Text Books 21/07/2025

Design & Developed by: PIET Central Library
R70 Miles Stone Pattikalyana Samalkha Panipat 132102
mail ID :- [email protected], Phone No:- 0180-2569700 Ex.216